| 000 | 01049nam a22002657a 4500 | ||
|---|---|---|---|
| 005 | 20170124102943.0 | ||
| 010 | _aA-575220 | ||
| 020 |
_c150.00 _a8170552427 |
||
| 035 | _aA-575220 | ||
| 037 | _bCen Lib/Ret | ||
| 040 |
_aDPL _bHN |
||
| 082 |
_a823.08 _bजतक |
||
| 100 |
_aजतकर, पुष्पा _9210 |
||
| 245 |
_aरचना रेणु / _cपुष्पा जतकर |
||
| 246 |
_aRachnakar renu / _bby Pushpa Jatkar |
||
| 260 |
_aनयी दिल्ली _bवाणी प्रकाशन _c1992 |
||
| 270 |
_a4697/5, २१ए, दरिया गंज _bनयी दिल्ली _e110002 |
||
| 300 |
_a215पृ. _c21सेमी (सजिल्द) |
||
| 500 | _aसंदर्भ और परिशिष्ट शामिल | ||
| 650 |
_aहिन्दी साहित्य _949012 |
||
| 650 |
_aहिन्दी आलोचना _949013 |
||
| 650 |
_aHindi Literature _949014 |
||
| 650 |
_aHindi criticism _942688 |
||
| 942 |
_2ddc _cHN _h823.08 _mजतक |
||
| 999 |
_c112747 _d112747 |
||